Prices still falling (Record no. 117958)
[ view plain ]
| 000 -LEADER | |
|---|---|
| fixed length control field | 01061cam a2200205 4500 |
| 001 - CONTROL NUMBER | |
| control field | WB@3612-456 |
| 008 - FIXED-LENGTH DATA ELEMENTS--GENERAL INFORMATION | |
| fixed length control field | 040903n2004 000 0 eng u |
| 035 ## - SYSTEM CONTROL NUMBER | |
| System control number | (Sirsi) u127269 |
| 245 ## - TITLE STATEMENT | |
| Title | Prices still falling |
| 260 ## - PUBLICATION, DISTRIBUTION, ETC. | |
| Date of publication, distribution, etc. | 2004 |
| 490 ## - SERIES STATEMENT | |
| Series statement | HBOS Press Release |
| Volume/sequential designation | (August 2004) 3 September 2004 (4) |
| 520 ## - SUMMARY, ETC. | |
| Summary, etc. | The "Halifax house price index: August 2004" has just been released and in agreement with other indices, shows that house prices fell by 0.6%% last month. Although they have increased by 1.8% overall during the past three months, this is significantly lower than the 6.5% rise recorded in the preceding three months. Again, the Halifax feels that the five successive interest rate rises since November 2003 have acted as a brake on house price growth. The average house price was £160 565. http://www.hbosplc.com/economy/nationalpressreleas e.asp |
| 590 ## - LOCAL NOTE (RLIN) | |
| Local note | WB |
| 590 ## - LOCAL NOTE (RLIN) | |
| Local note | WB |
| 650 ## - SUBJECT ADDED ENTRY--TOPICAL TERM | |
| Topical term or geographic name entry element | HOUSE PRICES |
| 650 ## - SUBJECT ADDED ENTRY--TOPICAL TERM | |
| Topical term or geographic name entry element | HOUSE PRICE INFLATION |
| 650 ## - SUBJECT ADDED ENTRY--TOPICAL TERM | |
| Topical term or geographic name entry element | HALIFAX HOUSE PRICE INDEX |
| 690 ## - LOCAL SUBJECT ADDED ENTRY--TOPICAL TERM (OCLC, RLIN) | |
| Topical term or geographic name as entry element | HOUSING-HOUSE PRICES |
| 942 ## - ADDED ENTRY ELEMENTS (KOHA) | |
| Suppress in OPAC | 0 |
| Withdrawn status | Lost status | Source of classification or shelving scheme | Damaged status | Not for loan | Home library | Current library | Shelving location | Date acquired | Total Checkouts | Full call number | Barcode | Date last seen | Copy number | Price effective from | Koha item type |
|---|---|---|---|---|---|---|---|---|---|---|---|---|---|---|---|
| Dewey Decimal Classification | London | London | News article | 03/09/2004 | WB403419 | 127269-1001 | 06/08/2019 | 1 | 06/08/2019 | News article |